000 00794nam a2200241Ia 4500
003 OSt
005 20220923222428.0
006 a|||||r|||| 00| 0
007 ta
008 220922b |||||||| |||| 00| 0 hin d
024 _a204,889
037 _cTextual
040 _aARTS
_cARTS
_bhin
041 _2hin
_ahin
082 _aO44,1xN5, 152M0
245 0 _aशतदल
_b सौ श्रेष्ठ भारतीय कविताएं
246 _aShatadala: sau shreṣhṭha bhāratīya kavitāean
260 _aकलकत्ता
_b भारतीय भाषा परिषद्
_c1980
300 _a180पृ.
_ccm.
650 _aहिन्दी साहित्य
_9156264
942 _hO44,1xN5, 152M0
_cTEXL
_2CC
999 _c355637
_d355637